| 000 | 00000nam##2200000za#4500 |
| 001 | 9.625800 |
| 003 | CaOODSP |
| 005 | 20200421163419 |
| 007 | ta |
| 008 | 150406|2001||||xxc||||| f|0| 0 fre|d |
| 020 | |a0-662-86370-4 |
| 040 | |aCaOODSP|bfre |
| 043 | |an-cn--- |
| 086 | 1 |aNH18-23/82F |
| 110 | 2 |aSociété canadienne d'hypothèques et de logement. |
| 245 | 10|aEcoperth: une petite collectivité rurale réagit contre le changement climatique |
| 260 | |aOttawa - Ontario : |bSociété canadienne d'hypothèques et de logement |c2001. |
| 300 | |a6p. : |bfigure, graphique ; |c28 cm. |
| 490 | 1 |aLe point en recherche. Série socio-économique |v82 |
| 563 | |aDépliant |
| 590 | |a01-42|b2001-10-19 |
| 691 | 07|aClimat|2gcpds |
| 691 | 07|aCommunauté rurale|2gcpds |
| 775 | 08|tEcoperth: a small rural community takes action on climate change |w(CaOODSP)9.615782 |
| 776 | 0#|tEcoPerth : une petite collectivité rurale réagit contre le changement climatique |w(CaOODSP)9.602187 |
| 830 | #0|aLe point en recherche. Série socio-économique ;|v82|w(CaOODSP)9.513180 |
| 986 | |aLNH 61170 |